| 000 | 00350nam a22001457a 4500 | ||
|---|---|---|---|
| 020 | _a9788189422721 | ||
| 041 | _aENG | ||
| 100 | _aRathore .N.S | ||
| 245 | _aRenewable Energy Sources For Sustainable Development | ||
| 260 |
_aNew Delhi _bNew India Publishing _c2007 |
||
| 300 | _a297 | ||
| 650 | _aEOES | ||
| 700 | _aPanwar .N.L | ||
| 856 | _uEOES | ||
| 999 |
_c113 _d113 |
||